| 000 | 00860nam a2200229 4500 | ||
|---|---|---|---|
| 005 | 20090922111128.0 | ||
| 010 | _aB-452366 | ||
| 020 |
_a9780143331117 _c99.00 |
||
| 035 | _aB-452366 | ||
| 037 | _bVirtuous Pub/Ven | ||
| 082 | _aS | ||
| 100 |
_aRay's, Satyajit _942035 |
||
| 245 |
_aMurder by the sea / _cby Satyajit Ray's, |
||
| 260 |
_aNew Delhi _bPuffin Books _c2009 |
||
| 270 |
_a11,community center,Panchsheel park, _bNew Delhi _e110017 |
||
| 300 |
_a40 p. _c25cm(pbk) _billustred |
||
| 700 | _941016 | ||
| 700 |
_aSingh, Arpita _941017 |
||
| 942 |
_2ddc _cCH _mRAY _hS |
||
| 999 |
_c62114 _d62114 |
||